[Event "Oberliga Ost-B 2122"]
[Site "Germany"]
[Date "2022.04.30"]
[Round "2.7"]
[White "Reichel, Norbert"]
[Black "Neubauer, Andreas"]
[Result "1/2-1/2"]
[WhiteElo "2071"]
[BlackElo "2142"]
[PlyCount "25"]
[EventDate "2021.10.10"]
[EventType "team-tourn"]
[EventRounds "11"]
[EventCountry "GER"]
[SourceTitle "EXT 2023"]
[Source "ChessBase"]
[SourceDate "2022.10.05"]
[SourceVersion "1"]
[SourceVersionDate "2022.10.05"]
[SourceQuality "1"]
[WhiteTeam "Erfurt Medizin"]
[BlackTeam "Stadtilm Blau Weiss"]
[WhiteTeamCountry "GER"]
[BlackTeamCountry "GER"]

1. c4 e5 2. g3 Nf6 3. Bg2 Nc6 4. Nc3 Be7 5. Nf3 0-0 6. 0-0 Rb8 7. d4 exd4 8. Nxd4 Ne5 9. b3 a6 10. Bb2 Bc5 11. Nd5 d6 12. h3 Bd7 13. Kh2 1/2-1/2

[Event "Oberliga Ost-B 1920"]
[Site "Germany"]
[Date "2020.01.18"]
[Round "6.7"]
[White "Reichel, Norbert"]
[Black "Neubauer, Andreas"]
[Result "1/2-1/2"]
[WhiteElo "2078"]
[BlackElo "2151"]
[PlyCount "57"]
[EventDate "2019.09.29"]
[EventType "team-tourn"]
[EventRounds "11"]
[EventCountry "GER"]
[SourceTitle "EXT 2021"]
[Source "ChessBase"]
[SourceDate "2020.10.23"]
[SourceVersion "1"]
[SourceVersionDate "2020.10.23"]
[SourceQuality "1"]
[WhiteTeam "Erfurt Medizin"]
[BlackTeam "Stadtilm Blau Weiss"]
[WhiteTeamCountry "GER"]
[BlackTeamCountry "GER"]

1. c4 e5 2. Nc3 Nf6 3. g3 Nc6 4. Bg2 Be7 5. Nf3 d5 6. cxd5 Nxd5 7. 0-0 Nb6 8. a4 a5 9. Nb5 0-0 10. d4 exd4 11. Nfxd4 Nb4 12. Nc3 c6 13. e3 Bd7 14. b3 Qc8 15. Bb2 Rd8 16. Qb1 Be6 17. Ba3 Bf6 18. Rd1 Bg4 19. f3 Bh5 20. Ne4 Bxd4 21. exd4 Qe6 22. Bc1 Bg6 23. Qb2 f6 24. Bd2 N6d5 25. Nc5 Qf7 26. Bh3 Re8 27. Re1 f5 28. Bxb4 Nxb4 29. Bf1 1/2-1/2

[Event "Oberliga Ost-B 1920"]
[Site "Germany"]
[Date "2019.12.07"]
[Round "4.6"]
[White "Schmidt, Alexander"]
[Black "Reichel, Norbert"]
[Result "1-0"]
[WhiteElo "2131"]
[BlackElo "2078"]
[PlyCount "83"]
[EventDate "2019.09.29"]
[EventType "team-tourn"]
[EventRounds "11"]
[EventCountry "GER"]
[SourceTitle "EXT 2021"]
[Source "ChessBase"]
[SourceDate "2020.10.23"]
[SourceVersion "1"]
[SourceVersionDate "2020.10.23"]
[SourceQuality "1"]
[WhiteTeam "Bad Emstal/Wolfhagen"]
[BlackTeam "Erfurt Medizin"]
[WhiteTeamCountry "GER"]
[BlackTeamCountry "GER"]

1. e4 c5 2. Nf3 Nc6 3. d4 cxd4 4. Nxd4 g6 5. Nc3 Bg7 6. Nb3 a5 7. a4 Nf6 8. Be2 0-0 9. 0-0 d6 10. f4 Nb4 11. Bf3 Bd7 12. h3 Rc8 13. Qe2 Be6 14. Rd1 Qc7 15. Nd4 Bc4 16. Qf2 Nd7 17. Be3 Qb8 18. Rac1 Nc5 19. b3 Ba6 20. Ncb5 Nc6 21. e5 Nxd4 22. Bxd4 Bxb5 23. axb5 Ne6 24. Ba7 Qc7 25. Bb6 Qd7 26. Be2 Ra8 27. c4 Rfc8 28. Bg4 h5 29. Be2 Bh6 30. g3 Ng7 31. Kh2 Qe6 32. exd6 exd6 33. Bf3 Qe7 34. Qd2 a4 35. b4 Ne6 36. Qxd6 Qxd6 37. Rxd6 a3 38. c5 a2 39. Bxb7 Rcb8 40. Bxa8 Rxa8 41. Ba5 Bg7 42. Rdd1 1-0

[Event "Oberliga Ost-B 1617"]
[Site "Germany"]
[Date "2017.05.07"]
[Round "11.4"]
[White "Dittmar, Peter"]
[Black "Reichel, Norbert"]
[Result "1/2-1/2"]
[WhiteElo "2266"]
[BlackElo "2131"]
[PlyCount "58"]
[EventDate "2016.10.16"]
[EventType "team-tourn"]
[EventRounds "11"]
[EventCountry "GER"]
[SourceTitle "EXT 2018"]
[Source "ChessBase"]
[SourceDate "2017.10.13"]
[SourceVersion "1"]
[SourceVersionDate "2017.10.13"]
[SourceQuality "1"]
[WhiteTeam "Moerlenbach Birkenau"]
[BlackTeam "Erfurt Medizin"]
[WhiteTeamCountry "GER"]
[BlackTeamCountry "GER"]

1. e4 c5 2. Nf3 g6 3. c3 Nf6 4. e5 Nd5 5. d4 cxd4 6. Qxd4 Nb6 7. h4 Nc6 8. Qe4 d5 9. exd6 Qxd6 10. Bf4 Qd5 11. Nbd2 Bf5 12. Qxd5 Nxd5 13. Bg3 Bg7 14. Bb5 0-0 15. 0-0 a6 16. Ba4 b5 17. Bb3 Nf6 18. Rfe1 Ra7 19. Ne5 Nxe5 20. Bxe5 Rb7 21. Nf3 Bd3 22. Nd4 Rc8 23. Ne6 Bh6 24. Rad1 Bc4 25. Rd8+ Rxd8 26. Nxd8 Rd7 27. Nc6 Nd5 28. Bxc4 bxc4 29. Re4 f6 1/2-1/2

[Event "Oberliga Ost-B 1617"]
[Site "Germany"]
[Date "2017.02.18"]
[Round "6.4"]
[White "Reichel, Norbert"]
[Black "Kersten, Uwe"]
[Result "0-1"]
[WhiteElo "2131"]
[BlackElo "2253"]
[PlyCount "108"]
[EventDate "2016.10.16"]
[EventType "team-tourn"]
[EventRounds "11"]
[EventCountry "GER"]
[SourceTitle "EXT 2018"]
[Source "ChessBase"]
[SourceDate "2017.10.13"]
[SourceVersion "1"]
[SourceVersionDate "2017.10.13"]
[SourceQuality "1"]
[WhiteTeam "Erfurt Medizin"]
[BlackTeam "Kassel"]
[WhiteTeamCountry "GER"]
[BlackTeamCountry "GER"]

1. d4 Nf6 2. Nf3 e6 3. c4 c5 4. d5 exd5 5. cxd5 d6 6. e4 g6 7. Nc3 a6 8. a4 Bg4 9. h3 Bxf3 10. Qxf3 Bg7 11. Bd3 0-0 12. 0-0 Nbd7 13. Bf4 Qe7 14. Qe2 Rab8 15. a5 Ne8 16. Qd2 Nc7 17. Na4 Rfe8 18. Rfe1 Be5 19. Bg5 Bf6 20. Bf4 Bd4 21. Rab1 b5 22. axb6 Nxb6 23. b3 Nd7 24. Bg5 Bf6 25. Bf4 Rb4 26. Bc4 Nb5 27. Qc1 Bd4 28. Bg5 Qe5 29. Bd2 Qf6 30. Re2 Ne5 31. Bxb4 cxb4 32. Bxb5 axb5 33. Nb2 Ra8 34. Nd1 Nd3 35. Qd2 Nf4 36. Re1 Qg5 37. Ne3 Nxg2 38. Kh1 Bxe3 39. Rxe3 Nxe3 40. Qxe3 Qxe3 41. fxe3 Ra2 42. Rc1 Rb2 43. e5 dxe5 44. Rd1 Kf8 45. d6 Ke8 46. Rd5 Kd7 47. Rxb5 Rxb3 48. e4 Rxh3+ 49. Kg2 Rd3 50. Rxb4 Kxd6 51. Rb6+ Ke7 52. Rb5 Ke6 53. Rb6+ Rd6 54. Rb7 Kf6 0-1

[Event "Oberliga Ost-B 1617"]
[Site "Germany"]
[Date "2016.11.20"]
[Round "3.5"]
[White "Reichel, Norbert"]
[Black "Rolle, Eric"]
[Result "0-1"]
[WhiteElo "2131"]
[BlackElo "2195"]
[PlyCount "84"]
[EventDate "2016.10.16"]
[EventType "team-tourn"]
[EventRounds "11"]
[EventCountry "GER"]
[SourceTitle "EXT 2018"]
[Source "ChessBase"]
[SourceDate "2017.10.13"]
[SourceVersion "1"]
[SourceVersionDate "2017.10.13"]
[SourceQuality "1"]
[WhiteTeam "Erfurt Medizin"]
[BlackTeam "Marburg"]
[WhiteTeamCountry "GER"]
[BlackTeamCountry "GER"]

1. c4 Nf6 2. g3 e5 3. Bg2 Bc5 4. e3 0-0 5. Ne2 Re8 6. 0-0 Nc6 7. d4 Bf8 8. Nbc3 d6 9. h3 exd4 10. exd4 Rb8 11. Bg5 h6 12. Be3 a6 13. Nf4 Bd7 14. Qd2 Ne7 15. Nfd5 Nexd5 16. Nxd5 Ne4 17. Qa5 c6 18. Qxd8 Rbxd8 19. Nb6 Nxg3 20. fxg3 Rxe3 21. Kf2 Rd3 22. Nxd7 Rd2+ 23. Kg1 Rxd7 24. d5 c5 25. Rf2 Rd3 26. g4 Re3 27. Rf3 Re2 28. Rf2 Rde7 29. Raf1 R2e5 30. Rf5 g6 31. Rxe5 Rxe5 32. Rf2 b5 33. b3 Re1+ 34. Rf1 Re8 35. Kf2 Be7 36. Rd1 Bg5 37. Rd3 Bh4+ 38. Kf3 Re1 39. cxb5 axb5 40. Re3 Rd1 41. Re8+ Kg7 42. Rb8 Rd2 0-1

[Event "Oberliga Ost-B 1112"]
[Site "Germany"]
[Date "2011.11.20"]
[Round "4.3"]
[White "Reichel, Norbert"]
[Black "Vettel, Matthias"]
[Result "0-1"]
[WhiteElo "2152"]
[BlackElo "2278"]
[PlyCount "72"]
[EventDate "2011.10.02"]
[EventType "team-tourn"]
[EventRounds "11"]
[EventCountry "GER"]
[SourceTitle "EXT 2013"]
[Source "ChessBase"]
[SourceDate "2012.11.22"]
[SourceVersion "1"]
[SourceVersionDate "2012.11.22"]
[SourceQuality "1"]
[WhiteTeam "Erfurt Medizin"]
[BlackTeam "Moerlenbach"]
[WhiteTeamCountry "GER"]
[BlackTeamCountry "GER"]

1. c4 g6 2. Nc3 c5 3. g3 Bg7 4. Bg2 Nc6 5. a3 Nf6 6. e4 0-0 7. Nge2 Ne8 8. 0-0 Nc7 9. Rb1 a5 10. d3 d6 11. Be3 Bd7 12. d4 cxd4 13. Nxd4 Nxd4 14. Bxd4 Bxd4 15. Qxd4 Ne6 16. Qe3 Rc8 17. b3 a4 18. Nxa4 Bxa4 19. bxa4 Rxc4 20. Rxb7 Rxa4 21. Ra7 Ra5 22. Rc1 Re8 23. f4 Rc5 24. Rxc5 dxc5 25. Bf1 Nd4 26. Ra4 Qb6 27. Rc4 Rc8 28. Qc1 Rc7 29. Kg2 Ne6 30. Kh3 Qc6 31. Bg2 Nd4 32. g4 e5 33. fxe5 Ne6 34. Bf3 Rd7 35. Qc3 Qc7 36. Qe3 Rd3 0-1

[Event "Oberliga Ost-B 1011"]
[Site "Germany"]
[Date "2011.02.27"]
[Round "8.4"]
[White "Reichel, Norbert"]
[Black "Mueller, Thorsten"]
[Result "1-0"]
[WhiteElo "2134"]
[BlackElo "2144"]
[PlyCount "81"]
[EventDate "2010.10.24"]
[EventType "team-tourn"]
[EventRounds "11"]
[EventCountry "GER"]
[SourceTitle "EXT 2012"]
[Source "ChessBase"]
[SourceDate "2011.11.24"]
[SourceVersion "1"]
[SourceVersionDate "2011.11.24"]
[SourceQuality "1"]
[WhiteTeam "Erfurt Medizin"]
[BlackTeam "Offenbach"]
[WhiteTeamCountry "GER"]
[BlackTeamCountry "GER"]

1. c4 e5 2. Nc3 Nc6 3. Nf3 g6 4. d4 Bg7 5. d5 Nce7 6. d6 cxd6 7. Nb5 Nf5 8. e4 a6 9. exf5 axb5 10. fxg6 hxg6 11. Qxd6 bxc4 12. Bxc4 Qe7 13. Qd5 d6 14. Ng5 Nh6 15. Bb5+ Kf8 16. Bd2 Nf5 17. Bc4 Be6 18. Nxe6+ fxe6 19. Qf3 d5 20. Bb3 e4 21. Qg4 Kf7 22. Bc3 Rh4 23. Qe2 d4 24. Bd2 d3 25. Qd1 Bxb2 26. Rb1 Be5 27. h3 Qf6 28. Qc1 e3 29. Bxe3 Bc3+ 30. Kd1 d2 31. Qc2 Nxe3+ 32. fxe3 b5 33. Qd3 Rd8 34. Qxb5 Kg8 35. Rf1 Qe7 36. Qc6 Bg7 37. Bxe6+ Kh8 38. Rf7 Qg5 39. Qc7 Be5 40. Qc5 Qxg2 41. Qxe5+ 1-0

[Event "Oberliga Ost-B 1011"]
[Site "Germany"]
[Date "2011.01.16"]
[Round "5.4"]
[White "Haubt, Georg"]
[Black "Reichel, Norbert"]
[Result "1-0"]
[WhiteElo "2224"]
[BlackElo "2134"]
[PlyCount "87"]
[EventDate "2010.10.24"]
[EventType "team-tourn"]
[EventRounds "11"]
[EventCountry "GER"]
[SourceTitle "EXT 2012"]
[Source "ChessBase"]
[SourceDate "2011.11.24"]
[SourceVersion "1"]
[SourceVersionDate "2011.11.24"]
[SourceQuality "1"]
[WhiteTeam "Oberursel"]
[BlackTeam "Erfurt Medizin"]
[WhiteTeamCountry "GER"]
[BlackTeamCountry "GER"]

1. e4 c5 2. Nf3 Nc6 3. Nc3 g6 4. g3 Bg7 5. Bg2 d6 6. d3 e6 7. 0-0 Nge7 8. Nh4 0-0 9. f4 f5 10. Be3 Qa5 11. Bd2 Qd8 12. Rb1 Rb8 13. h3 b5 14. g4 b4 15. Ne2 Nd4 16. Nxd4 Bxd4+ 17. Kh2 Bf6 18. Be1 Bd7 19. Nf3 Nc6 20. Nd2 Nd4 21. Bg3 Bc6 22. Nb3 Nxb3 23. axb3 Qc7 24. Qd2 Bg7 25. Rfe1 Rbe8 26. c3 a5 27. Ra1 Qb6 28. Qc2 d5 29. gxf5 gxf5 30. e5 Ra8 31. Bf2 Rfc8 32. Rf1 Bf8 33. Bf3 Kh8 34. Bh4 Bh6 35. Bh5 Ra7 36. Bf6+ Bg7 37. Rg1 Bxf6 38. exf6 Be8 39. Qe2 Qd6 40. Raf1 Bxh5 41. Qxh5 Qf8 42. Rg6 Rf7 43. Qh4 Qd6 44. Rfg1 1-0

[Event "Oberliga Ost-B 1011"]
[Site "Germany"]
[Date "2010.12.12"]
[Round "4.5"]
[White "Reichel, Norbert"]
[Black "Klings, Peter"]
[Result "0-1"]
[WhiteElo "2134"]
[BlackElo "2180"]
[PlyCount "65"]
[EventDate "2010.10.24"]
[EventType "team-tourn"]
[EventRounds "11"]
[EventCountry "GER"]
[SourceTitle "EXT 2012"]
[Source "ChessBase"]
[SourceDate "2011.11.24"]
[SourceVersion "1"]
[SourceVersionDate "2011.11.24"]
[SourceQuality "1"]
[WhiteTeam "Erfurt Medizin"]
[BlackTeam "Moerlenbach"]
[WhiteTeamCountry "GER"]
[BlackTeamCountry "GER"]

1. c4 Nf6 2. Nc3 Nc6 3. Nf3 e5 4. g3 Bc5 5. Bg2 d6 6. 0-0 0-0 7. a3 a6 8. d3 h6 9. b4 Ba7 10. Bd2 Re8 11. Ne1 Ne7 12. Qb3 Rb8 13. b5 Nd7 14. Nc2 Nc5 15. Qa2 Be6 16. Rab1 axb5 17. Nxb5 Bb6 18. Ne3 c6 19. Nxd6 Rf8 20. Ne4 Na6 21. Qc2 f5 22. Nc3 f4 23. Ned1 Nf5 24. Qb2 Ba7 25. Ne4 Nd4 26. Kh1 b5 27. c5 Nxc5 28. Nxc5 Bxc5 29. Bb4 Bd5 30. Bxc5 Bxg2+ 31. Kxg2 Qd5+ 32. Kg1 Qxc5 33. Nc3 0-1

[Event "Oberliga Ost-B 1011"]
[Site "Germany"]
[Date "2010.11.14"]
[Round "3.6"]
[White "Reichel, Norbert"]
[Black "Schaper, Bjoern"]
[Result "1-0"]
[WhiteElo "2134"]
[BlackElo "2129"]
[PlyCount "121"]
[EventDate "2010.10.24"]
[EventType "team-tourn"]
[EventRounds "11"]
[EventCountry "GER"]
[SourceTitle "EXT 2012"]
[Source "ChessBase"]
[SourceDate "2011.11.24"]
[SourceVersion "1"]
[SourceVersionDate "2011.11.24"]
[SourceQuality "1"]
[WhiteTeam "Erfurt Medizin"]
[BlackTeam "Steinbach"]
[WhiteTeamCountry "GER"]
[BlackTeamCountry "GER"]

1. c4 e5 2. Nc3 Nf6 3. Nf3 d6 4. d4 exd4 5. Nxd4 Be7 6. g3 c6 7. Bg2 Be6 8. Nxe6 fxe6 9. 0-0 Na6 10. e4 e5 11. Be3 Qc7 12. Rb1 Nc5 13. b4 Ncd7 14. Qe2 0-0 15. Rfc1 Rfd8 16. Nd1 Nf8 17. Qd3 Ne6 18. Bh3 Kf7 19. Bxe6+ Kxe6 20. Bg5 Nd7 21. Qf3 Bxg5 22. Qf5+ Ke7 23. Qxg5+ Kf7 24. Rb3 Kg8 25. Rd3 Nf6 26. Nc3 Qf7 27. c5 dxc5 28. Rxd8+ Rxd8 29. bxc5 Qe7 30. Qe3 Rd4 31. Kg2 Qxc5 32. Ne2 Qb4 33. Nxd4 exd4 34. Qd3 c5 35. a3 Qa5 36. Qc4+ Kf8 37. e5 Ne4 38. a4 Nc3 39. Qe6 Qb6 40. Qf5+ Ke7 41. e6 Qc6+ 42. f3 Qxe6 43. Qxc5+ Kf7 44. Qxd4 Qa2+ 45. Kh3 Qe6+ 46. Kg2 Qa2+ 47. Kh1 Nd5 48. Re1 Qb3 49. Qe4 Nf6 50. Qf4 a5 51. Rc1 Qd5 52. g4 Kg6 53. Kg2 b6 54. Kg3 h5 55. h3 hxg4 56. hxg4 Qe6 57. Rd1 Qe2 58. Qf5+ Kf7 59. Rc1 Qd2 60. Rc7+ Kf8 61. Qe6 1-0

[Event "Oberliga Ost-B 1011"]
[Site "Germany"]
[Date "2010.10.24"]
[Round "1.6"]
[White "Reichel, Norbert"]
[Black "Traudes, Wolfgang"]
[Result "1-0"]
[WhiteElo "2134"]
[BlackElo "2217"]
[PlyCount "63"]
[EventDate "2010.10.24"]
[EventType "team-tourn"]
[EventRounds "11"]
[EventCountry "GER"]
[SourceTitle "EXT 2012"]
[Source "ChessBase"]
[SourceDate "2011.11.24"]
[SourceVersion "1"]
[SourceVersionDate "2011.11.24"]
[SourceQuality "1"]
[WhiteTeam "Erfurt Medizin"]
[BlackTeam "Wiesbaden"]
[WhiteTeamCountry "GER"]
[BlackTeamCountry "GER"]

1. c4 Nc6 2. Nc3 e5 3. Nf3 f5 4. g3 e4 5. Nh4 g6 6. d3 exd3 7. Qxd3 Bg7 8. Nf3 Nf6 9. Bg2 d6 10. 0-0 0-0 11. Qc2 Kh8 12. Bf4 Be6 13. Nb5 a6 14. Nbd4 Bd7 15. Rad1 Qe7 16. Rfe1 Ne4 17. Nxc6 bxc6 18. h4 Rab8 19. b3 Rfe8 20. Bc1 Qf6 21. Rd3 h6 22. e3 Kh7 23. Nd4 Rb6 24. Rdd1 a5 25. Ne2 Qe5 26. Nf4 Nc5 27. Nd3 Nxd3 28. Rxd3 c5 29. Bd2 Qb2 30. Qxb2 Bxb2 31. Bxa5 Ra6 32. Bxc7 1-0

[Event "Oberliga Ost-B 0910"]
[Site "Germany"]
[Date "2010.02.28"]
[Round "8.7"]
[White "Oparaugo, Thomas"]
[Black "Reichel, Norbert"]
[Result "0-1"]
[WhiteElo "2108"]
[BlackElo "2136"]
[PlyCount "110"]
[EventDate "2009.10.18"]
[EventType "team-tourn"]
[EventRounds "11"]
[EventCountry "GER"]
[SourceTitle "EXT 2011"]
[Source "ChessBase"]
[SourceDate "2010.11.26"]
[SourceVersion "1"]
[SourceVersionDate "2010.11.26"]
[SourceQuality "1"]
[WhiteTeam "Oberursel"]
[BlackTeam "Erfurt Medizin"]
[WhiteTeamCountry "GER"]
[BlackTeamCountry "GER"]

1. e4 c5 2. Nf3 Nc6 3. d4 cxd4 4. Nxd4 g6 5. Nc3 Bg7 6. Be3 Nf6 7. Bc4 Qa5 8. 0-0 0-0 9. Nb3 Qc7 10. Be2 d6 11. f4 b6 12. Bf3 Bb7 13. g4 Na5 14. Nxa5 bxa5 15. Bd4 Rfc8 16. g5 Nd7 17. Bxg7 Kxg7 18. Qd4+ Kg8 19. Bg4 Rd8 20. Rad1 Qb6 21. Bxd7 Rxd7 22. Na4 Qxd4+ 23. Rxd4 Bc6 24. Rf3 Rb7 25. Rb3 Rab8 26. Nc3 Kg7 27. Kf2 f6 28. h4 h5 29. Ke3 fxg5 30. hxg5 Kf7 31. f5 Rxb3 32. cxb3 h4 33. Nd5 gxf5 34. exf5 h3 35. Rh4 Bxd5 36. Rxh3 Rg8 37. Kf4 Kg7 38. Rc3 Rb8 39. f6+ exf6 40. Rd3 fxg5+ 41. Kxg5 Rb5 42. Kf4 Kf6 43. Rh3 Rb4+ 44. Ke3 Bf7 45. Rf3+ Ke6 46. Kd3 d5 47. Re3+ Kd6 48. Rh3 Bg6+ 49. Kc3 Rg4 50. Rf3 Kc5 51. Rf2 Be4 52. Rf7 d4+ 53. Kd2 Rg2+ 54. Kd1 d3 55. Rxa7 Kd4 0-1

[Event "Oberliga Ost-B 0910"]
[Site "Germany"]
[Date "2009.12.13"]
[Round "5.6"]
[White "Rudnizki, Sergej"]
[Black "Reichel, Norbert"]
[Result "1/2-1/2"]
[WhiteElo "2155"]
[BlackElo "2136"]
[PlyCount "31"]
[EventDate "2009.10.18"]
[EventType "team-tourn"]
[EventRounds "11"]
[EventCountry "GER"]
[SourceTitle "EXT 2011"]
[Source "ChessBase"]
[SourceDate "2010.11.26"]
[SourceVersion "1"]
[SourceVersionDate "2010.11.26"]
[SourceQuality "1"]
[WhiteTeam "Erfurt Empor"]
[BlackTeam "Erfurt Medizin"]
[WhiteTeamCountry "GER"]
[BlackTeamCountry "GER"]

1. e4 c5 2. Nf3 Nc6 3. d4 cxd4 4. Nxd4 g6 5. c4 Bg7 6. Be3 Nf6 7. Nc3 0-0 8. Be2 d6 9. 0-0 Bd7 10. Qd2 Nxd4 11. Bxd4 Bc6 12. f3 a5 13. b3 Nd7 14. Bxg7 Kxg7 15. Qd4+ Kg8 16. f4 1/2-1/2

[Event "Oberliga Ost-B 0910"]
[Site "Germany"]
[Date "2009.11.15"]
[Round "3.4"]
[White "Roosen, Holger"]
[Black "Reichel, Norbert"]
[Result "1-0"]
[WhiteElo "2199"]
[BlackElo "2136"]
[PlyCount "141"]
[EventDate "2009.10.18"]
[EventType "team-tourn"]
[EventRounds "11"]
[EventCountry "GER"]
[SourceTitle "EXT 2011"]
[Source "ChessBase"]
[SourceDate "2010.11.26"]
[SourceVersion "1"]
[SourceVersionDate "2010.11.26"]
[SourceQuality "1"]
[WhiteTeam "Offenbach"]
[BlackTeam "Erfurt Medizin"]
[WhiteTeamCountry "GER"]
[BlackTeamCountry "GER"]

1. c4 Nf6 2. g3 g6 3. Nc3 Bg7 4. Bg2 0-0 5. Nf3 d5 6. cxd5 Nxd5 7. 0-0 c5 8. Nxd5 Qxd5 9. d3 Nc6 10. Be3 Qd6 11. Nd2 b6 12. Rc1 Bb7 13. Ne4 Qd7 14. Bxc5 Bxb2 15. Rb1 Bg7 16. Qa4 Rfd8 17. Rfc1 Nd4 18. Qxd7 Rxd7 19. Bxd4 Bxd4 20. e3 Bg7 21. Nc5 bxc5 22. Rxb7 Rxb7 23. Bxb7 Rb8 24. Bc6 Rb2 25. a4 Rb3 26. Rxc5 Rxd3 27. Ra5 Rc3 28. Bb7 Rc1+ 29. Kg2 Bc3 30. Rxa7 Ra1 31. Bc6 Kf8 32. Ra8+ Kg7 33. Re8 Kf6 34. g4 h6 35. h4 Bb4 36. Rb8 Bc3 37. Rb7 g5 38. hxg5+ hxg5 39. Rb5 Kg6 40. Rc5 Be1 41. Be8 Kh6 42. Rc7 Ra2 43. Kf1 Ra1 44. Ke2 Bb4 45. Rc4 Ra2+ 46. Kf1 Ra1+ 47. Kg2 Be1 48. f4 gxf4 49. exf4 Kg7 50. Kf3 Ba5 51. f5 f6 52. Ke4 Rd1 53. Rd4 Re1+ 54. Kd5 Re5+ 55. Kc6 e6 56. Bd7 exf5 57. gxf5 Kf7 58. Be6+ Ke8 59. Rh4 Kd8 60. Rh8+ Ke7 61. Rh7+ Ke8 62. Bd7+ Kf8 63. Rh8+ Ke7 64. Re8+ Kf7 65. Rxe5 fxe5 66. Kb5 Bc3 67. Bc6 Kf6 68. Be4 Kg5 69. a5 Bd4 70. a6 Kf4 71. f6 1-0

[Event "Oberliga Ost-B 0809"]
[Site "Germany"]
[Date "2009.01.18"]
[Round "5.5"]
[White "Klingelhoefer, Stefan"]
[Black "Reichel, Norbert"]
[Result "1/2-1/2"]
[WhiteElo "2196"]
[BlackElo "2167"]
[PlyCount "46"]
[EventDate "2008.10.26"]
[EventType "team-tourn"]
[EventRounds "11"]
[EventCountry "GER"]
[SourceTitle "EXT 2010"]
[Source "ChessBase"]
[SourceDate "2010.11.25"]
[SourceVersion "1"]
[SourceVersionDate "2010.11.25"]
[SourceQuality "1"]
[WhiteTeam "Giessen"]
[BlackTeam "Erfurt Medizin"]
[WhiteTeamCountry "GER"]
[BlackTeamCountry "GER"]

1. d4 Nf6 2. Nf3 g6 3. Bg5 Bg7 4. Nbd2 d5 5. e3 c5 6. c3 Qb6 7. Qb3 Nbd7 8. Be2 0-0 9. 0-0 Re8 10. c4 Qxb3 11. Nxb3 cxd4 12. Nfxd4 a6 13. Rac1 Ne4 14. Bh4 g5 15. Bg3 Nxg3 16. hxg3 dxc4 17. Rxc4 b5 18. Rc7 Be5 19. Rc2 Bb7 20. Nf3 Rac8 21. Rd2 Bxf3 22. Bxf3 Rc7 23. Nd4 Nb6 1/2-1/2

[Event "Oberliga Ost-B 0708"]
[Site "Germany"]
[Date "2008.01.20"]
[Round "7.6"]
[White "Reichel, Norbert"]
[Black "Wohlfart, Paulus"]
[Result "0-1"]
[WhiteElo "2186"]
[BlackElo "2195"]
[PlyCount "72"]
[EventDate "2007.10.07"]
[EventType "team-tourn"]
[EventRounds "11"]
[EventCountry "GER"]
[SourceTitle "EXT 2009"]
[Source "ChessBase"]
[SourceDate "2008.11.26"]
[SourceVersion "1"]
[SourceVersionDate "2008.11.26"]
[SourceQuality "1"]
[WhiteTeam "Erfurt Medizin"]
[BlackTeam "Moerlenbach"]
[WhiteTeamCountry "GER"]
[BlackTeamCountry "GER"]

1. c4 f5 2. Nf3 Nf6 3. d4 g6 4. g3 Bg7 5. Bg2 0-0 6. 0-0 d6 7. Nc3 c6 8. Rb1 a5 9. a3 Bd7 10. b4 axb4 11. Rxb4 Qc7 12. Qb3 Bc8 13. c5+ Kh8 14. Ng5 h6 15. Ne6 Bxe6 16. Qxe6 Na6 17. cxd6 exd6 18. Rb1 Rae8 19. Qc4 Re7 20. a4 Ne4 21. Nxe4 fxe4 22. Ba3 Rfe8 23. d5 cxd5 24. Qxd5 Nc5 25. Rfc1 Re5 26. Qc4 Rf8 27. Bxe4 Rxf2 28. Bf3 Rxf3 29. exf3 Qe7 30. Kf2 Qg5 31. f4 Qf5 32. Kg2 Re4 33. Qf1 Qd5 34. Rd1 Re2+ 35. Kg1 Bd4+ 36. Rxd4 Qxd4+ 0-1

[Event "Oberliga Ost-B 0708"]
[Site "Germany"]
[Date "2008.01.19"]
[Round "6.6"]
[White "Roosen, Holger"]
[Black "Reichel, Norbert"]
[Result "1/2-1/2"]
[WhiteElo "2216"]
[BlackElo "2186"]
[PlyCount "50"]
[EventDate "2007.10.07"]
[EventType "team-tourn"]
[EventRounds "11"]
[EventCountry "GER"]
[SourceTitle "EXT 2009"]
[Source "ChessBase"]
[SourceDate "2008.11.26"]
[SourceVersion "1"]
[SourceVersionDate "2008.11.26"]
[SourceQuality "1"]
[WhiteTeam "Offenbach"]
[BlackTeam "Erfurt Medizin"]
[WhiteTeamCountry "GER"]
[BlackTeamCountry "GER"]

1. c4 Nf6 2. g3 g6 3. Bg2 Bg7 4. Nc3 0-0 5. Nf3 d5 6. cxd5 Nxd5 7. 0-0 Nc6 8. Nxd5 Qxd5 9. d3 Qb5 10. Rb1 Be6 11. b3 a5 12. Bf4 Qb6 13. Nd2 Rac8 14. Nc4 Qa6 15. Rc1 Nb4 16. Qd2 b5 17. Ne3 c6 18. a3 Nd5 19. Nxd5 Bxd5 20. Bxd5 cxd5 21. Bc7 a4 22. bxa4 Qxa4 23. Qb4 Rfe8 24. Rc5 e6 25. Rfc1 Bf8 1/2-1/2

[Event "Oberliga Ost-B 0708"]
[Site "Germany"]
[Date "2007.12.09"]
[Round "5.6"]
[White "Reichel, Norbert"]
[Black "Karabalis, Harilos"]
[Result "1/2-1/2"]
[WhiteElo "2186"]
[BlackElo "2253"]
[PlyCount "46"]
[EventDate "2007.10.07"]
[EventType "team-tourn"]
[EventRounds "11"]
[EventCountry "GER"]
[SourceTitle "EXT 2009"]
[Source "ChessBase"]
[SourceDate "2008.11.26"]
[SourceVersion "1"]
[SourceVersionDate "2008.11.26"]
[SourceQuality "1"]
[WhiteTeam "Erfurt Medizin"]
[BlackTeam "Frankfurt BvK"]
[WhiteTeamCountry "GER"]
[BlackTeamCountry "GER"]

1. c4 g6 2. Nc3 Bg7 3. e4 c5 4. g3 Nc6 5. Bg2 a6 6. Nge2 Rb8 7. a4 e6 8. d3 Nge7 9. 0-0 Nd4 10. Nxd4 cxd4 11. Ne2 b5 12. axb5 axb5 13. b3 bxc4 14. bxc4 0-0 15. Ba3 d6 16. Qc2 Re8 17. Rfb1 Rxb1+ 18. Rxb1 d5 19. exd5 exd5 20. Nf4 dxc4 21. Qxc4 Be5 22. Nd5 Nxd5 23. Bxd5 Be6 1/2-1/2

[Event "Oberliga Ost-B 0708"]
[Site "Germany"]
[Date "2007.11.04"]
[Round "3.5"]
[White "Kleschtschow, Juri"]
[Black "Reichel, Norbert"]
[Result "0-1"]
[WhiteElo "2109"]
[BlackElo "2186"]
[PlyCount "64"]
[EventDate "2007.10.07"]
[EventType "team-tourn"]
[EventRounds "11"]
[EventCountry "GER"]
[SourceTitle "EXT 2009"]
[Source "ChessBase"]
[SourceDate "2008.11.26"]
[SourceVersion "1"]
[SourceVersionDate "2008.11.26"]
[SourceQuality "1"]
[WhiteTeam "Schoeneck II"]
[BlackTeam "Erfurt Medizin"]
[WhiteTeamCountry "GER"]
[BlackTeamCountry "GER"]

1. d4 Nf6 2. Nf3 g6 3. g3 Bg7 4. Bg2 0-0 5. 0-0 d5 6. c4 dxc4 7. Na3 c6 8. Nxc4 Be6 9. Nce5 Bd5 10. Bf4 Nbd7 11. Qc1 Nxe5 12. Bxe5 Nd7 13. Bxg7 Kxg7 14. Rd1 Nf6 15. Ne5 Bxg2 16. Kxg2 Qb6 17. b3 Rfd8 18. Qf4 Rac8 19. g4 Rf8 20. e4 Qc7 21. Rd3 h5 22. gxh5 Nxh5 23. Qg5 Nf6 24. Ng4 Rh8 25. Qe5 Qxe5 26. Nxe5 Nxe4 27. f3 Nd6 28. Re1 e6 29. Nd7 Rcd8 30. Nc5 b6 31. Ne4 Nf5 32. Red1 e5 0-1